| 000 | 00621 a2200205 4500 | ||
|---|---|---|---|
| 020 | _a0072292946 | ||
| 040 |
_aDLC _bDLC |
||
| 082 | _a080.0427 | ||
| 245 | 0 | 4 |
_aThe McGraw-Hill reader : issues across the disciplines _c[edited by] Gilbert H. Muller. |
| 250 | _a7th ed. | ||
| 260 |
_aBoston : _bMcGraw Hill, _cc2000. |
||
| 300 |
_axxviii, 644 p. ; _c24cm. |
||
| 500 | _aIncludes index. | ||
| 650 | 0 | _aCollege readers. | |
| 650 | 0 | _aInterdisciplinary approach in education | |
| 650 | 0 |
_aEnglish language _xRhetoric |
|
| 650 | 0 | _aAcademic writing | |
| 700 | 1 |
_aMuller, Gilbert H., _d1941- |
|
| 942 |
_cBK _k808.0427 MUL _2ddc |
||
| 999 |
_c4984 _d4984 |
||